F1 2024 Les gagnants - Statistiques

Statistiques générales
  • Ce quiz a été pris 305 fois
  • Le résultat moyen est 23 sur 24
Statistiques - réponses
Grand-prix Vainqueur % Correct
Bahrain Verstappen
99%
Jeddah Verstappen
99%
Suzuka Verstappen
99%
Shanghai Verstappen
99%
Imola Verstappen
99%
Montréal Verstappen
99%
Barcelone Verstappen
99%
Interlagos Verstappen
99%
Losail Verstappen
99%
Monaco Leclerc
98%
Monza Leclerc
98%
Austin Leclerc
98%
Zandvoort Norris
97%
Silverstone Hamilton
97%
Spa-Francorchamps Hamilton
97%
Miami Norris
97%
Singapour Norris
97%
Abu Dhabi Norris
97%
Hungaroring Piastri
96%
Bakou Piastri
96%
Melbourne Sainz
93%
Mexico Sainz
93%
Spielberg Russell
81%
Las Vegas Russell
81%
Aucun quiz correspondant
Distribution des résultats
% des personnes avec chaque résultat
Percentile par nombre de réponses
Votre historique - résultats
Vous n’avez pas pris ce quiz